000 00466nam a2200193Ia 4500
005 20250603144629.0
008 250603s9999 xx 000 0 und d
020 _a9788132110187
050 _aHD 57.7 R69/
100 _aRowe, Glenn W.
245 0 _aCases in leadership
250 _a3rd ed.
260 _aNew Delhi, India
260 _bSage Publications India Pvt Ltd.
260 _c2017
300 _a513 p
650 _aNew Delhi, India
942 _cBK
999 _c39490
_d39490